Statistics for Border Crossings Quiz #1

Click here to take the quiz!

General Stats

  • This quiz has been taken 158,145 times
    (158,132 since last reset)
  • The average score is 21 of 24

Answer Stats

Start InTravelCountry% Correct
United StatesNorthCanada
100%
United StatesSouthMexico
100%
SwedenWestNorway
95%
FinlandEastRussia
93%
PortugalEastSpain
93%
MongoliaSouthChina
92%
DenmarkSouthGermany
92%
ArgentinaWestChile
91%
LithuaniaNorthLatvia
90%
LesothoAny DirectionSouth Africa
90%
Dominican RepublicWestHaiti
89%
EgyptSouthSudan
89%
NepalNorthChina
88%
EgyptWestLibya
88%
QatarSouthSaudi Arabia
88%
LaosEastVietnam
88%
UruguayWestArgentina
87%
SurinameSouthBrazil
85%
GeorgiaNorthRussia
85%
Costa RicaNorthNicaragua
84%
SyriaNorthTurkey
84%
MoldovaNorthUkraine
79%
KenyaSouthTanzania
77%
BruneiSouthMalaysia
73%

Score Distribution

Percentile by Number Answered

Percent of People with Each Score

Your Score History

You have not taken this quiz since the last reset